Personaggi famosi nati a Torino - Statistics

Statistiche generali
  • Questo quiz è stato fatto 137 volte
    135 dall'ultimo reset
  • Il punteggio medio è 16 su 35
Statistiche sulle risposte
con Immagini Risposta % Corretto
Piero Angela
91%
Luciana Littizzetto
90%
Claudio Marchisio
82%
Gabriel Garko
82%
Rita Levi-Montalcini
82%
Camillo Benso, Conte di Cavour
78%
Andrea Agnelli
76%
Luca Argentero
73%
Alessandro Barbero
69%
Gianni Agnelli
67%
Massimo Giletti
67%
Gigi D'Agostino
62%
Sandro Mazzola
55%
Carla Bruni
54%
Lorenzo Sonego
53%
Vittorio Emanuele II
52%
Alba Parietti
51%
Umberto Tozzi
51%
Rita Pavone
49%
Willie Peyote
44%
Primo Levi
42%
Marco Travaglio
41%
Umberto I
41%
Giuliano Amato
32%
Ferruccio Amendola
25%
Erminio Macario
23%
Carlo Alberto
19%
Fred Buscaglione
18%
Giovanni Minoli
17%
Giuseppe Saragat
13%
Vittorio Pozzo
13%
Massimo D'Azeglio
9%
Alfonso La Marmora
5%
Joseph-Louis Lagrange
4%
Vincenzo Gioberti
3%
Nessun quiz corrispondente trovato
Distribuzione punteggi
Percentuale di utenti per punteggio
Percentile per numero di risposta
I tuoi punteggi nel tempo
Non hai fatto questo quiz dall'ultimo reset